| 000 | 01358pam a2200421 a 4500 | ||
|---|---|---|---|
| 001 | 8373 | ||
| 003 | FISKH | ||
| 005 | 20250910102034.0 | ||
| 008 | 830502s1984 njua j 000 0 eng | ||
| 010 | _a 83004868 | ||
| 020 |
_a0893759791 : _c$8.59 (est.) |
||
| 020 |
_a0893759805 (pbk.) : _c$1.95 (est.) |
||
| 020 | _a051487009802 | ||
| 020 | _a9780893759797 | ||
| 020 | _a9780893759803 | ||
| 040 |
_aDLC _cDLC _dDLC _beng |
||
| 050 | 0 | 0 |
_aGB1203.8 _b.E45 1984 |
| 082 | 0 | 0 |
_a551.48/3 _219 |
| 100 | 1 | _aEmil, Jane. | |
| 245 | 1 | 0 |
_aAll about rivers / _cby Jane Emil ; illustrated by Joseph Veno. |
| 260 |
_aMahwah : _bTroll Associates, _c1984. |
||
| 300 |
_a32 pages : _bcolor illustrations ; _c26 cm |
||
| 336 |
_atext _btxt _2rdacontent |
||
| 337 |
_aunmediated _bn _2rdamedia |
||
| 338 |
_avolume _bnc _2rdacarrier |
||
| 440 | 4 | _aThe Question & answer book | |
| 505 | _aO | ||
| 520 | _aAnswers questions about the formation and development of rivers, differences among rivers, and the influence of rivers on human life. | ||
| 521 | 8 |
_a600
_bLexile estimate |
|
| 521 | 8 |
_aO
_bRaz-Plus |
|
| 650 | 0 |
_aRivers _xJuvenile literature. |
|
| 650 | 1 | _aRivers. | |
| 650 | 1 | _aQuestions and answers. | |
| 700 | 1 |
_aVeno, Joseph, _eillustrator |
|
| 906 |
_a7 _bcbc _corignew _d1 _eocip _f19 _gy-gencatlg |
||
| 942 |
_2ddc _cBK _n0 |
||
| 999 |
_c8373 _d8373 |
||